Pokemon that start with f - Statistics

General Stats
  • This quiz has been taken 6 times
  • The average score is 12 of 38
Answer Stats
Hint Answer % Correct
Gen II Flaaffy
80%
Gen I Farfetchd
60%
Gen I Fearow
60%
Gen II Feraligatr
60%
Gen V Ferroseed
60%
Gen V Ferrothorn
60%
Gen VI Flabebe
60%
Gen IX Frigibax
60%
Gen VI Froakie
60%
Gen IV Froslass
60%
Gen VIII Falinks
40%
Gen III Feebas
40%
Gen VI Fennekin
40%
Gen IV Finneon
40%
Gen I Flareon
40%
Gen VI Floette
40%
Gen VI Florges
40%
Gen VI Furfrou
40%
Gen II Furret
40%
Gen IX Finizen
20%
Gen VIII Flapple
20%
Gen VI Fletchinder
20%
Gen VI Fletchling
20%
Gen IX Flittle
20%
Gen IX Floragato
20%
Gen II Forretress
20%
Gen VI Fragadier
20%
Gen V Fraxure
20%
Gen V Frillish
20%
Gen IX Fuecoco
20%
Gen IX Farigiraf
0%
Gen IX Fidough
0%
Gen IX Flamigo
0%
Gen IV Floatzel
0%
Gen III Flygon
0%
Gen VII Fomantis
0%
Gen V Foongus
0%
Gen VIII Frosmoth
0%
No matching quizzes found
Score Distribution
Percent of People with Each Score
Percentile by Number Answered
Your Score History
You have not taken this quiz